[Event "Luxembourg-chT 1112"]
[Site "Luxembourg"]
[Date "2012.03.03"]
[Round "10"]
[White "Birtz, Claude"]
[Black "Nestler, Patrick"]
[Result "1-0"]
[WhiteElo "1811"]
[BlackElo "1947"]
[PlyCount "79"]
[EventDate "2011.10.??"]
[EventType "team-tourn"]
[EventRounds "10"]
[EventCountry "LUX"]
[SourceTitle "EXT 2017"]
[Source "ChessBase"]
[SourceDate "2016.10.25"]
[SourceVersion "1"]
[SourceVersionDate "2016.10.25"]
[SourceQuality "1"]

1. d4 Nf6 2. c4 c5 3. d5 e6 4. Nc3 exd5 5. cxd5 d6 6. e4 g6 7. Bd3 Bg7 8. Nge2 a6 9. a4 Qc7 10. 0-0 0-0 11. h3 Nbd7 12. f4 Re8 13. Be3 c4 14. Bc2 Nc5 15. Ng3 b6 16. Qe2 Ncd7 17. Qf2 Rb8 18. Bd4 b5 19. axb5 axb5 20. Ra7 Qd8 21. e5 dxe5 22. fxe5 Nxe5 23. Re1 Ned7 24. Nge4 Nxe4 25. Nxe4 Bxd4 26. Qxd4 Qb6 27. Qxb6 Rxb6 28. Rf1 Kg7 29. Nc5 Re7 30. Rc7 Rb8 31. d6 Re2 32. Nxd7 Bxd7 33. Rxd7 Rxc2 34. Rdxf7+ Kg8 35. d7 Rd2 36. Re7 Rf8 37. Rxf8+ Kxf8 38. Re8+ Kf7 39. d8Q Rxd8 40. Rxd8 1-0

[Event "Luxembourg-chT 9900"]
[Site "Luxembourg"]
[Date "2000.01.09"]
[Round "4"]
[White "Geiben, Claude"]
[Black "Nestler, Patrick"]
[Result "1/2-1/2"]
[WhiteElo "2000"]
[BlackElo "1985"]
[PlyCount "80"]
[EventDate "1999.10.24"]
[EventType "team"]
[EventRounds "10"]
[EventCountry "LUX"]
[SourceTitle "EXT 2005"]
[Source "ChessBase"]
[SourceDate "2004.11.15"]
[SourceVersion "1"]
[SourceVersionDate "2004.11.15"]
[SourceQuality "1"]

1. e4 e5 2. Nf3 Nc6 3. Bc4 Bc5 4. c3 Nf6 5. d4 exd4 6. cxd4 Bb4+ 7. Bd2 Bxd2+ 8. Nbxd2 d5 9. exd5 Nxd5 10. 0-0 0-0 11. Qc2 Nce7 12. Rac1 c6 13. a3 Bf5 14. Qb3 Rb8 15. Rfd1 Bg4 16. Re1 Nf4 17. Re4 Bxf3 18. Qxf3 Nfd5 19. Rce1 Qd7 20. Bd3 Ng6 21. Nb3 b6 22. Qg3 Rbd8 23. Bc2 f5 24. R4e2 f4 25. Qf3 Nh4 26. Bxh7+ Kxh7 27. Qh5+ Kg8 28. Qxh4 f3 29. Re4 Qf7 30. g3 Rd6 31. Qh3 Rh6 32. Qf1 Nf6 33. Re6 Rxh2 34. Rxf6 Qh5 35. Qc4+ Kh7 36. Qd3+ Kg8 37. Qc4+ Kh7 38. Qd3+ Kg8 39. Qc4+ Kh7 40. Qd3+ Kg8 1/2-1/2

[Event "Luxembourg-chT 9900"]
[Site "Luxembourg"]
[Date "1999.11.21"]
[Round "3"]
[White "Mauquoi, Rudi"]
[Black "Nestler, Patrick"]
[Result "1-0"]
[WhiteElo "2087"]
[BlackElo "1985"]
[PlyCount "109"]
[EventDate "1999.10.24"]
[EventType "team"]
[EventRounds "10"]
[EventCountry "LUX"]
[SourceTitle "EXT 2005"]
[Source "ChessBase"]
[SourceDate "2004.11.15"]
[SourceVersion "1"]
[SourceVersionDate "2004.11.15"]
[SourceQuality "1"]

1. c4 Nf6 2. g3 e6 3. Nf3 d5 4. b3 c5 5. Bg2 Nc6 6. 0-0 Be7 7. Bb2 d4 8. e3 d3 9. Nc3 0-0 10. Qb1 Qd7 11. Rd1 Rd8 12. Ne1 e5 13. Nd5 Qf5 14. Qxd3 Qxd3 15. Nxd3 Bd6 16. Ba3 Nxd5 17. Bxd5 Nb4 18. Nxb4 cxb4 19. Bb2 Rb8 20. Rac1 b6 21. d4 exd4 22. exd4 Bg4 23. f3 Bf5 24. Be4 Be6 25. Rc2 Rbc8 26. Rcd2 f5 27. Bb1 f4 28. Kg2 Re8 29. Be4 Kf7 30. Re2 fxg3 31. hxg3 h6 32. Rde1 a5 33. Bb7 Rcd8 34. Bc6 Bd7 35. Rxe8 Bxe8 36. Bxe8+ Rxe8 37. Rxe8 Kxe8 38. d5 Kf7 39. Bd4 Bc7 40. f4 g6 41. Kf3 Bd8 42. Ke4 Bc7 43. Be5 Bd8 44. Bd6 h5 45. Be5 Ke7 46. f5 gxf5+ 47. Kxf5 Kf7 48. d6 h4 49. gxh4 Bxh4 50. Bd4 Bd8 51. Ke5 Bf6+ 52. Kd5 Bxd4 53. Kxd4 Ke6 54. c5 b5 55. Ke4 1-0

[Event "Luxembourg-ch"]
[Site "Luxembourg"]
[Date "1999.04.08"]
[Round "6"]
[White "Oberweis, Paul"]
[Black "Nestler, Patrick"]
[Result "1-0"]
[WhiteElo "2116"]
[BlackElo "1959"]
[PlyCount "45"]
[EventDate "1999.04.03"]
[EventType "swiss"]
[EventRounds "9"]
[EventCountry "LUX"]
[SourceTitle "EXT 2005"]
[Source "ChessBase"]
[SourceDate "2004.11.15"]
[SourceVersion "1"]
[SourceVersionDate "2004.11.15"]
[SourceQuality "1"]

1. e4 e5 2. Nc3 Nc6 3. f4 exf4 4. Nf3 g5 5. d4 d6 6. d5 Ne5 7. Bb5+ Bd7 8. Bxd7+ Nxd7 9. Qd4 Qf6 10. Qxf6 Ngxf6 11. Nxg5 h6 12. Nh3 0-0-0 13. 0-0 Re8 14. Rxf4 Bg7 15. Be3 Re7 16. Raf1 Rhe8 17. Bd4 Ne5 18. Bxe5 dxe5 19. Rxf6 Bxf6 20. Rxf6 Rh8 21. Nf2 Kd7 22. Nd3 Rh7 23. Rf5 1-0

[Event "Luxembourg-ch"]
[Site "Luxembourg"]
[Date "1999.04.07"]
[Round "5"]
[White "Nestler, Patrick"]
[Black "Corbin, Paul"]
[Result "1-0"]
[WhiteElo "1959"]
[BlackElo "2068"]
[PlyCount "113"]
[EventDate "1999.04.03"]
[EventType "swiss"]
[EventRounds "9"]
[EventCountry "LUX"]
[SourceTitle "EXT 2005"]
[Source "ChessBase"]
[SourceDate "2004.11.15"]
[SourceVersion "1"]
[SourceVersionDate "2004.11.15"]
[SourceQuality "1"]

1. e4 d5 2. exd5 Qxd5 3. Nc3 Qa5 4. d4 Nf6 5. Nf3 c6 6. Ne5 Be6 7. Bc4 Bxc4 8. Nxc4 Qc7 9. Qf3 e6 10. Bf4 Qd8 11. Ne4 Nxe4 12. Qxe4 Qd5 13. Qxd5 cxd5 14. Nd6+ Bxd6 15. Bxd6 Nc6 16. c3 Kd7 17. Bg3 Rac8 18. Kd2 Rhe8 19. f3 f6 20. Rhe1 Ne7 21. Re2 Rc6 22. Rc1 Nf5 23. Kd3 b5 24. Rcc2 a5 25. b3 Rec8 26. Be1 h5 27. g3 Nd6 28. h3 Nf7 29. h4 e5 30. Rg2 b4 31. c4 exd4 32. Kxd4 dxc4 33. Rxc4 Rd6+ 34. Ke3 Re8+ 35. Re4 Rxe4+ 36. fxe4 Ne5 37. Rd2 Rxd2 38. Bxd2 Ke6 39. Bc1 Kd6 40. Kd4 Nf3+ 41. Ke3 Ne5 42. Kd4 Kc6 43. Bf4 Nf7 44. e5 Nd8 45. exf6 gxf6 46. Ke4 Kd7 47. Kf5 Ke7 48. Kg6 Ne6 49. Kxh5 Kf7 50. Kg4 Nd4 51. Be3 Ne2 52. Bb6 Nc3 53. Bxa5 Nxa2 54. Kf5 Nc1 55. Bxb4 Nxb3 56. Bc3 Nc5 57. Bxf6 1-0

[Event "Luxembourg-ch"]
[Site "Luxembourg"]
[Date "1999.04.04"]
[Round "2"]
[White "Wians, Camille"]
[Black "Nestler, Patrick"]
[Result "1-0"]
[WhiteElo "2295"]
[BlackElo "1959"]
[PlyCount "43"]
[EventDate "1999.04.03"]
[EventType "swiss"]
[EventRounds "9"]
[EventCountry "LUX"]
[SourceTitle "EXT 2005"]
[Source "ChessBase"]
[SourceDate "2004.11.15"]
[SourceVersion "1"]
[SourceVersionDate "2004.11.15"]
[SourceQuality "1"]

1. d4 Nf6 2. Nf3 e6 3. g3 d5 4. Bg2 c5 5. e3 Nc6 6. b3 b6 7. 0-0 Bb7 8. Bb2 cxd4 9. exd4 Bd6 10. Nbd2 0-0 11. c4 Rc8 12. a3 Na5 13. c5 Bb8 14. b4 Nc4 15. Bc3 b5 16. Ne5 Qc7 17. a4 a6 18. axb5 axb5 19. Ndxc4 bxc4 20. b5 Rcd8 21. c6 Bc8 22. Ba5 1-0

[Event "Luxembourg-chT 9899"]
[Site "Luxembourg"]
[Date "1999.03.28"]
[Round "10"]
[White "Kramer, Marcel"]
[Black "Nestler, Patrick"]
[Result "0-1"]
[WhiteElo "1830"]
[BlackElo "1910"]
[PlyCount "84"]
[EventDate "1998.10.08"]
[EventType "team"]
[EventRounds "10"]
[EventCountry "LUX"]
[SourceTitle "EXT 2005"]
[Source "ChessBase"]
[SourceDate "2004.11.15"]
[SourceVersion "1"]
[SourceVersionDate "2004.11.15"]
[SourceQuality "1"]

1. c4 Nf6 2. Nc3 e6 3. g3 d5 4. cxd5 exd5 5. Nf3 d4 6. Qa4+ Nc6 7. Nb5 Bc5 8. Qc2 Bb6 9. d3 Bg4 10. Bg2 Qd7 11. Na3 0-0 12. 0-0 Rfe8 13. Nc4 Re6 14. Nxb6 cxb6 15. Bg5 Rae8 16. Rfe1 Qe7 17. Kf1 Qd6 18. Bxf6 Rxf6 19. Rac1 Rh6 20. h4 Be6 21. a3 Bd5 22. Qd2 Rf6 23. b4 b5 24. Qb2 h6 25. Qd2 a5 26. Kg1 axb4 27. axb4 Rfe6 28. Rc2 f5 29. Rc5 Rf6 30. Rxb5 f4 31. g4 Rg6 32. g5 Ne7 33. Rxd5 Nxd5 34. Qa2 Kh7 35. Nxd4 Nxb4 36. Qc4 hxg5 37. h5 Rf6 38. Be4+ Kh8 39. Rb1 Nc6 40. Nxc6 bxc6 41. Qxc6 Qxc6 42. Bxc6 Rxc6 0-1

[Event "LUX-chABC"]
[Site "Dudelange"]
[Date "1998.04.12"]
[Round "2.13"]
[White "Nestler, Patrick"]
[Black "Ackermann, Robert1111"]
[Result "1/2-1/2"]
[WhiteElo "1925"]
[BlackElo "2040"]
[PlyCount "31"]
[EventDate "1998.04.11"]
[EventType "swiss"]
[EventRounds "9"]
[EventCountry "LUX"]
[SourceTitle "EXT 2013"]
[Source "ChessBase"]
[SourceDate "2012.11.22"]
[SourceVersion "1"]
[SourceVersionDate "2012.11.22"]
[SourceQuality "1"]

1. e4 e5 2. Nc3 Nf6 3. Nf3 Nc6 4. d4 exd4 5. Nd5 Nxd5 6. exd5 Bb4+ 7. Bd2 Bxd2+ 8. Kxd2 Nb4 9. Qe2+ Qe7 10. d6 Qxe2+ 11. Bxe2 c5 12. Rhe1 0-0 13. Bc4 Nc6 14. Ng5 g6 15. Ne4 b6 16. Nf6+ 1/2-1/2

[Event "Luxembourg-chT 9798"]
[Site "Luxembourg"]
[Date "1998.01.25"]
[Round "6"]
[White "Piscitelli, Antoine"]
[Black "Nestler, Patrick"]
[Result "0-1"]
[WhiteElo "1890"]
[BlackElo "1890"]
[PlyCount "44"]
[EventDate "1997.10.??"]
[EventType "team"]
[EventRounds "10"]
[EventCountry "LUX"]
[SourceTitle "EXT 2005"]
[Source "ChessBase"]
[SourceDate "2004.11.15"]
[SourceVersion "1"]
[SourceVersionDate "2004.11.15"]
[SourceQuality "1"]

1. e4 e5 2. Nc3 Nc6 3. f4 exf4 4. Nf3 g5 5. h4 g4 6. Ng5 d6 7. Bc4 Ne5 8. Bb3 h6 9. d4 hxg5 10. dxe5 Bg7 11. Ba4+ c6 12. exd6 Be5 13. h5 Qxd6 14. Qe2 Nf6 15. h6 g3 16. Bd2 Bg4 17. Qd3 0-0-0 18. Qxd6 Rxd6 19. Ne2 Nxe4 20. Bc3 Bxc3+ 21. Nxc3 Nxc3 22. bxc3 Rhd8 0-1